A guide to the pitcher plants of Peninsular Malaysia

Bibliographic Details
Main Author: CLARKE
Format: Book
Published: Kota Kinabalu : Natural History Pub. , 2002
Subjects:

MARC

LEADER 00000cam a2200000 7i4500
001 0000002113
005 20021106.0
020 0 0 |a 9838120618 
090 0 0 |a R583.121095951   |b CLA 2002 
100 1 0 |a CLARKE   |h Charles 
245 1 2 |a A guide to the pitcher plants of Peninsular Malaysia   |c Charles Clarke, with photographs by A. Hurrell, B. Meyers-Rice and K. M Wong 
260 0 0 |a Kota Kinabalu :   |b Natural History Pub. ,   |c 2002 
300 |a iii, 32 p. :   |b col. ill. ;   |c 26 cm. 
650 0 0 |a Nephentes   |z Peninsular Malaysia 
650 0 0 |a Pitcher plants   |z Peninsular Malaysia 
998 |a JPSM 
999 |a 0000003517   |b Monograph   |c Reference   |e Default branch